Normal view
MARC view
Entry Topical Term
001 - CONTROL NUMBER
- control field: 734
003 - CONTROL NUMBER IDENTIFIER
- control field: OSt
005 - DATE AND TIME OF LATEST TRANSACTION
- control field: 20221119132629.0
008 - FIXED-LENGTH DATA ELEMENTS
- fixed length control field: 221119|| aca||aabn | a|a d
040 ## - CATALOGING SOURCE
- Original cataloging agency: OSt
- Transcribing agency: OSt
150 ## - HEADING--TOPICAL TERM
- Topical term or geographic name entry element: Delivery of goods
- General subdivision: Management
670 ## - SOURCE DATA FOUND
- Source citation: Work cat.: (OSt): Christopher, Martin. 731, Logistics and supply chain management: creating value-adding networks. /, 2011.
